2026/27 Süper Lig Takımları - Statistics

General Stats
  • This quiz has been taken 8 times
  • The average score is 15 of 17
Answer Stats
Teams % Correct
Besiktas
100%
Amedspor
86%
Erzurumspor
86%
Eyüpspor
86%
Fenerbahçe
86%
Galatasaray
86%
Gaziantep
86%
Gençlerbirligi
86%
Göztepe
86%
Istanbul Basaksehir
86%
Kasimpasa
86%
Kocaelispor
86%
Konyaspor
86%
Rizespor
86%
Samsunspor
86%
Trabzonspor
86%
Alanyaspor
71%
No matching quizzes found
Score Distribution
Percent of People with Each Score
Percentile by Number Answered
Your Score History
You have not taken this quiz